Historical Year Ladder Quiz Stats

Quiz not verified by Sporcle

Challenge
Share
Tweet
Embed
Score 0/49 Timer 07:00
0 Plays Today
Historical Event Year % Correct
↺ Anagram ↻
100%
▼Rem.▼ ▲Add▲
100%
⇄ 1-# Change ⇆
100%
▼Rem.▼ ▲Add▲
100%
▼Add▼ ▲Rem.▲
100%
⇄ 1-# Change ⇆
100%
⇄ 1-# Change ⇆
100%
↺ Anagram ↻
100%
▼Add▼ ▲Rem.▲
100%
⇄ 1-# Change ⇆
100%
⇄ 1-# Change ⇆
100%
↺ Anagram ↻
100%
↺ Anagram ↻
100%
⇄ 1-# Change ⇆
100%
▼Rem.▼ ▲Add▲
100%
↺ Anagram ↻
100%
▼Add▼ ▲Rem.▲
100%
⇄ 1-# Change ⇆
100%
⇄ 1-# Change ⇆
100%
⇄ 1-# Change ⇆
100%
↺ Anagram ↻
100%
▼Rem.▼ ▲Add▲
100%
⇄ 1-# Change ⇆
100%
▼Add▼ ▲Rem.▲
100%
Columbus reaches the Americas1492
85%
Historical Event Year % Correct
Joan of Arc lifts the siege of Orléans
or 500 years before Wall Street crash, beginning Great Depression
1429
75%
Sophocles's 'Oedipus the King' premiered
or 2 years before Council of Ephesus
429
53.3%
Julius Caesar murdered by Brutus, et al. (B.C.)
or a two-digit multiple of 11
44
50%
Independence of USA1776
43.3%
End of the Peloponnesian War (B.C.)
or 1400 years before Napoleon crowns himself Emperor of France
404
38.3%
End of the Greco-Persian Wars (B.C.)
or 80 years after death of Cyrus the Great (B.C.)
449
36.7%
Odoacer deposes the last Roman Emperor
or 1300 years before Adam Smith publishes The Wealth of Nations
476
36.7%
First Arab siege of Constantinople begins
or a millennium before The Treaty of Westminster
674
35%
Treaty of Westminster
or 18 years before Salem witch trials in Massachusetts
1674
35%
Persia becomes Iran
or 22 years before Launch of Sputnik 1
1935
35%
Emperors Leo I and Leo II die
or 1400 years before Impressionists' first public exhibition in Paris
474
33.3%
Siege of Leiden ends
or 42 years after Pizarro lands at Peru (Battle of Cajamarca)
1574
33.3%
Siege of Haarlem ends
or 9 years before Gregorian Calendar issued by Pope Gregory XIII
1573
30%
Matthew-Tyndale Bible published
or 27 years before Galileo Galilei born
1537
30%
Hernando de Soto lands at Florida
or 6 years after Elizabeth Tudor born & Anne Boleyn becomes Queen of England
1539
30%
Thomas Edison invents the phonograph
or 5 years after Yellowstone National Park established
1877
30%
James Cook reaches Hawaiian Islands
or 9 years before US Constitution written
1778
30%
Battle of Roncevaux Pass
or 22 years before Charlemagne crowned Holy Roman Emperor
778
30%
First recorded Olympic Games (B.C.)
or 23 years before founding of Rome (B.C., trad.)
776
30%
Handel's Ariodante and Alcina premiered
or 5 years before start of War of the Austrian Succession
1735
28.3%
Good King Wenceslas (Vaclav) murdered
or 27 years before Otto I crowned Holy Roman Emperor
935
28.3%
Babylonian Empire fell to Cyrus the Great (B.C.)
or DXXXIX
539
26.7%
Anglo-Zulu War in South Africa
or 10 years before Vincent van Gogh paints Starry Night
1879
25%
Unions of Arras and Utrecht
or 9 years after Ivan the Terrible orders massacre of inhabitants of Novgorod
1579
23.3%

You're not logged in!

Compare scores with friends on all Sporcle quizzes.
Sign Up with Email
OR
Log In

You Might Also Like...

Show Comments

Extras

Top Quizzes Today


Score Distribution

Your Account Isn't Verified!

In order to create a playlist on Sporcle, you need to verify the email address you used during registration. Go to your Sporcle Settings to finish the process.